[Event "Open"]
[Site "Winterthur SUI"]
[Date "2003.10.07"]
[Round "5"]
[White "Zuelle,B"]
[Black "Goreskul,A"]
[Result "1/2-1/2"]
[WhiteElo "2095"]
[BlackElo "2274"]

1.d4 e6 2.c4 Nf6 3.Nf3 Bb4+ 4.Bd2 Qe7 5.Nc3 b6 6.e3 Bb7 7.Bd3 O-O 8.O-O Bxc3
9.Bxc3 Ne4 10.Rc1 d6 11.Nd2 Nxd2 12.Bxd2 Nd7 13.e4 e5 14.d5 a5 15.b3 Nc5
16.Bc2 Bc8 17.a3 f5 18.f3 f4 19.b4 Nb7 20.Ba4 axb4 21.axb4 Rf6 22.Bc6 Rh6
23.Qe2 Qh4 24.g4 Rg6 25.Ra1 Rb8 26.Bxb7 Bxb7  1/2-1/2

[Event "Open"]
[Site "Winterthur SUI"]
[Date "2003.10.10"]
[Round "8"]
[White "Gheorghiu,F"]
[Black "Zuelle,B"]
[Result "1-0"]
[WhiteElo "2431"]
[BlackElo "2095"]

1.d4 Nf6 2.c4 e6 3.Nf3 Bb4+ 4.Bd2 Qe7 5.g3 Nc6 6.Nc3 Bxc3 7.Bxc3 Ne4 8.Rc1 O-O
9.Bg2 d6 10.d5 Nxc3 11.Rxc3 Nd8 12.dxe6 Nxe6 13.Nd4 Nxd4 14.Qxd4 Qe5 15.Qd2 Rb8
16.O-O b6 17.Rd1 a5 18.a3 Bb7 19.Bd5 g6 20.b4 axb4 21.axb4 Kg7 22.Rdc1 c5
23.Re3 Qf6 24.Rd3 Bxd5 25.Rxd5 cxb4 26.Qxb4 Rfe8 27.Rxd6 Re6 28.Rcd1 Rxd6
29.Rxd6 Qa1+ 30.Kg2 Qa8+ 31.f3 Qa7 32.Qb2+ Kg8 33.Qd4 Qc7 34.Rd7 Qc6 35.Rd6 Qc7
36.h4 h5 37.Qd5 Qe7 38.Rxg6+ Kf8 39.Qd6 fxg6 40.Qxb8+ Kg7 41.Kf1 Qe3 42.Qc7+ Kf6
43.Qf4+  1-0

[Event "300 Years"]
[Site "St Petersburg RUS"]
[Date "2003.10.21"]
[Round "4"]
[White "Riazantsev,A"]
[Black "Kuzubov,Y"]
[Result "1/2-1/2"]
[WhiteElo "2572"]
[BlackElo "2441"]

1.d4 Nf6 2.c4 e6 3.Nf3 Bb4+ 4.Bd2 c5 5.Bxb4 cxb4 6.e3 O-O 7.Bd3 d6 8.O-O b6
9.a3 bxa3 10.Nxa3 Bb7 11.b4 Nbd7 12.Nb5 Qb8 13.Nd2 a6 14.Nc3 Rc8 15.Qe2 d5
16.Rfc1 dxc4 17.Nxc4 Nd5 18.Qb2 N7f6 19.Ne2 Nd7 20.Qd2 Ne7 21.e4 b5 22.Na5 Nc6
23.Nxc6 Bxc6 24.Ra2 Qd6 25.Rac2 Bb7 26.f3 Rxc2 27.Rxc2 Rc8 28.Rxc8+ Bxc8
29.Qc3 Bb7 30.g3 Nb8 31.Qc5 Qxc5 32.bxc5 Nd7 33.Kf2 e5 34.Ke3 Kf8 35.Nc3 exd4+
36.Kxd4 Nb8 37.Nd5 Nc6+ 38.Kc3 Ke8 39.Bf1 Kd8 40.f4 f6 41.Bd3  1/2-1/2

[Event "300 Years"]
[Site "St Petersburg RUS"]
[Date "2003.10.23"]
[Round "6"]
[White "Khromkin,A"]
[Black "Tomilin,Al"]
[Result "1/2-1/2"]
[WhiteElo "2350"]
[BlackElo "2258"]

1.d4 Nf6 2.Nf3 e6 3.c4 Bb4+ 4.Bd2 Qe7 5.g3 Nc6 6.Bg2 Bxd2+ 7.Nbxd2 d6 8.O-O a5
9.Rc1 e5 10.e3 O-O 11.Re1 Nb4 12.Ra1 a4 13.a3 Nc6 14.Nb1 Bg4 15.h3 Bh5 16.d5 Nb8
17.e4 Nfd7 18.Nc3 Nc5 19.Qc2 Nb3 20.Rab1 Bxf3 21.Bxf3 Nd4 22.Qd1 Nd7 23.Bg2 Nb6
24.Kh2 Nxc4 25.Nxa4 c5 26.dxc6 bxc6 27.Rc1 Na5 28.Rc3 Rfb8 29.b4 Nab3 30.Rxb3 Rxa4
31.Rd3 Rba8 32.Ree3 c5 33.bxc5 dxc5 34.Qc1 h6 35.Rc3 Ne6  1/2-1/2

[Event "300 Years"]
[Site "St Petersburg RUS"]
[Date "2003.10.24"]
[Round "7"]
[White "Kiselev,S"]
[Black "Loginov,Va"]
[Result "1/2-1/2"]
[WhiteElo "2415"]
[BlackElo "2524"]

1.d4 Nf6 2.Nf3 e6 3.c4 Bb4+ 4.Bd2 Qe7 5.g3 Nc6 6.Nc3 Bxc3 7.Bxc3 Ne4 8.Rc1 O-O
9.Bg2 d6 10.O-O f5 11.d5 Nd8 12.dxe6 Nxe6 13.Qc2 a5 14.e3 b6 15.Nd4 N6c5
16.b3 Bb7 17.Ba1 Qf7 18.a3 a4 19.b4 Nb3 20.Nxb3 axb3 21.Qb2 Ra7 22.f3 Nf6
23.Qxb3 b5 24.Rfe1 Rfa8 25.Bb2 Nd7 26.Qc2 bxc4 27.Qxc4 Bd5 28.Qf4 Nb6 29.Red1 Be6
30.Bf1 Nd5 31.Qd4 Nb6 32.e4 fxe4 33.fxe4 Na4 34.Ba1 Nb6 35.Bb2 Na4 36.Ba1 Nb6
37.Rd3 Rxa3 38.Rxa3 Rxa3 39.Bg2 Ra2 40.Bb2 Nc4 41.Rf1 Qe7 42.Bc1 h6 43.Bf4 Ne5
44.Rc1 Bh3 45.Qd5+ Be6 46.Qd4 Bh3 47.Qd5+ Be6 48.Qd4  1/2-1/2

[Event "300 Years"]
[Site "St Petersburg RUS"]
[Date "2003.10.24"]
[Round "7"]
[White "Tomilin,Al"]
[Black "Akimov,I"]
[Result "1/2-1/2"]
[WhiteElo "2258"]
[BlackElo "2365"]

1.d4 Nf6 2.c4 e6 3.Nf3 Bb4+ 4.Bd2 c5 5.e3 O-O 6.Bxb4 cxb4 7.a3 Nc6 8.Ne5 Qe7
9.Be2 b6 10.Qa4 bxa3 11.Qxa3 Nb4 12.O-O Bb7 13.Rc1 a5 14.Nc3 d6 15.Nd3 Nxd3
16.Bxd3 Ng4 17.h3 Nh6 18.Nb5 Qg5 19.e4 f5 20.Nxd6 fxe4 21.Bxe4 Bxe4 22.Nxe4 Qf4
23.Qe3 Qh4 24.Ng3 Kh8 25.Rc2 Rac8 26.Rac1 Rfd8 27.d5 exd5 28.cxd5 Rxc2 29.Rxc2 Qb4
30.Rd2 Nf7 31.Nf5 h6 32.Ne7 Qd6 33.Nc6 Rc8 34.Qxb6 Ne5 35.Qxa5 Nc4 36.Qa6 Re8
37.Qxc4 Re1+ 38.Qf1 Rxf1+ 39.Kxf1 Qc5 40.b4 Qc1+ 41.Ke2 Qc4+ 42.Ke1 Qe4+
43.Kf1 Qb1+ 44.Ke2 Qe4+ 45.Kf1 Qc4+ 46.Ke1 Qe4+ 47.Kf1  1/2-1/2

[Event "WYg18"]
[Site "Halkidiki GRE"]
[Date "2003.10.26"]
[Round "4"]
[White "Papadopoulou,V"]
[Black "Beliajeva,O"]
[Result "1-0"]
[WhiteElo "2245"]
[BlackElo "2060"]

1.d4 Nf6 2.c4 e6 3.Nf3 Bb4+ 4.Bd2 Qe7 5.g3 Nc6 6.Bg2 Bxd2+ 7.Nbxd2 d6 8.O-O O-O
9.Re1 e5 10.d5 Nb8 11.e4 Nbd7 12.b4 a5 13.a3 Nb6 14.Qc2 Nbd7 15.Nb3 b6 16.Rac1 a4
17.Nbd2 Ba6 18.Qxa4 Bxc4 19.Qc6 b5 20.Nxc4 bxc4 21.a4 Rfb8 22.a5 Ra7 23.Rxc4 Qd8
24.Rec1 Rbb7 25.Bh3 Nb8 26.Qa4 Na6 27.Ne1 Qb8 28.Nd3 Rb5 29.Bc8 Ne8 30.Bd7 Nxb4
31.Rxb4 Rxb4 32.Nxb4 Nf6 33.Bb5  1-0

[Event "300 Years"]
[Site "St Petersburg RUS"]
[Date "2003.10.26"]
[Round "9"]
[White "Gareev,T"]
[Black "Loginov,Va"]
[Result "1/2-1/2"]
[WhiteElo "2434"]
[BlackElo "2524"]

1.d4 Nf6 2.c4 e6 3.Nf3 Bb4+ 4.Bd2 Qe7 5.g3 Nc6 6.Bg2 Bxd2+ 7.Nbxd2 d6 8.O-O O-O
9.e4 e5 10.d5 Nb8 11.Ne1 a5 12.Nd3 Na6 13.Nb1 c6 14.Nc3 Bd7 15.dxc6 bxc6
16.f4 Rab8 17.Qd2 Rfd8 18.Rad1 Nb4 19.Nf2 Be8 20.Qe2 Na6 21.Nd3 Nd7 22.f5 f6
23.b3 Ndc5 24.Nb2 Bf7 25.Rd2 Nb4 26.Rfd1 Nxa2 27.Nxa2 Nxb3 28.Rd3 a4 29.Qe3 Nc5
30.R3d2 a3 31.Qxa3 Ra8 32.Qe3 Rxa2 33.Qxc5 dxc5 34.Rxd8+ Be8 35.Rb8 Kf8 36.Bf3 g6
37.Bg4 Qc7 38.Rdd8 Qxd8 39.Rxd8 Rxb2 40.fxg6 hxg6 41.Bd7 Ke7 42.Rxe8+ Kxd7
43.Rg8 Ke6 44.Re8+ Kf7 45.Rc8 Rc2 46.Rc7+ Kg8 47.Rxc6 Rxc4 48.Rxf6 Kg7 49.Rc6 Kf7
50.Kf2 Rxe4  1/2-1/2

[Event "Ralston IM"]
[Site "San Francisco USA"]
[Date "2003.11.01"]
[Round "5"]
[White "Ilic,Z1"]
[Black "Lobo,Ri"]
[Result "1/2-1/2"]
[WhiteElo "2379"]
[BlackElo "2302"]

1.d4 Nf6 2.Nf3 e6 3.c4 Bb4+ 4.Bd2 a5 5.g3 b6 6.Bg2 Bb7 7.O-O Bxd2 8.Nbxd2 O-O
9.Qc2 d5 10.Ne5 Na6 11.Rfd1 c5 12.cxd5 exd5 13.dxc5 bxc5 14.Nd3 Qb6 15.Nf4  1/2-1/2

[Event "ch-UKR"]
[Site "Simferopol UKR"]
[Date "2003.11.04"]
[Round "1"]
[White "Nechaev,An"]
[Black "Golovach,V"]
[Result "1-0"]
[WhiteElo "2417"]
[BlackElo "2217"]

1.d4 Nf6 2.c4 e6 3.Nf3 Bb4+ 4.Bd2 Qe7 5.g3 O-O 6.Bg2 Nc6 7.O-O Bxd2 8.Qxd2 d6
9.Nc3 a5 10.e4 e5 11.d5 Nb8 12.Ne1 Nbd7 13.Nd3 b6 14.f4 Nc5 15.Nxc5 bxc5
16.Rae1 a4 17.Qc2 Bd7 18.Nd1 Rfb8 19.Nf2 Bc8 20.Nd3 Nd7 21.Bh3 Nf6 22.fxe5 dxe5
23.Bxc8 Rxc8 24.Qd2 Nd7 25.Qe3 Ra6 26.Rf2 Rb8 27.Ref1 Rf6 28.Rxf6 Nxf6 29.h3 Nd7
30.g4 h6 31.Qf2 g6 32.Kg2 Kg7 33.Kg3 Rf8 34.h4 h5 35.g5 f6 36.gxf6+ Nxf6
37.Kg2 Nd7 38.Qg3 Rxf1 39.Kxf1 Qf6+ 40.Ke2 Kf7 41.Ne1 Ke7 42.Qg5 Qxg5 43.hxg5 Kf7
44.Nf3 Ke7 45.Kd3 Kd6 46.Kc3 c6 47.b3 axb3 48.Kxb3 Kc7 49.a4 Kd6 50.a5 Kc7
51.dxc6 Kxc6 52.Nh4  1-0

[Event "ch-UKR"]
[Site "Simferopol UKR"]
[Date "2003.11.05"]
[Round "2"]
[White "Shalimov,V UKR"]
[Black "Kucherenko,D"]
[Result "0-1"]
[WhiteElo "2464"]
[BlackElo "2226"]

1.d4 Nf6 2.Nf3 e6 3.c4 Bb4+ 4.Bd2 Qe7 5.g3 Nc6 6.Nc3 O-O 7.Bg2 d6 8.d5 Nb8
9.O-O e5 10.Rc1 a5 11.Bg5 Bxc3 12.Rxc3 Na6 13.Qc2 h6 14.Bd2 Nc5 15.Ra3 a4
16.Nh4 e4 17.f4 Bd7 18.Be3 Rfb8 19.Bd4 b5 20.Re3 bxc4 21.Qxc4 Ra5 22.Bc3 Rab5
23.Qd4 Qf8 24.h3 Na6 25.Bxe4 Nb4 26.g4 Nxe4 27.Qxe4 Nxd5 28.Rg3 Re8 29.Qxa4 Rxe2
30.Qc4 Nxc3 31.bxc3 Rbb2 32.Qxc7 Be6 33.Nf5 Bxf5 34.gxf5 Qa8 35.Rff3 Re1+  0-1

[Event "ch-UKR"]
[Site "Simferopol UKR"]
[Date "2003.11.07"]
[Round "4"]
[White "Tishin,D"]
[Black "Kurbetdinov,R"]
[Result "1/2-1/2"]
[WhiteElo "2334"]
[BlackElo "2409"]

1.d4 Nf6 2.c4 e6 3.Nf3 Bb4+ 4.Bd2 Qe7 5.g3 O-O 6.Bg2 Bxd2+ 7.Qxd2 d6 8.Nc3 e5
9.e4 Bg4 10.d5 a5 11.Qe3 Na6 12.Nd2 c6 13.O-O Nc5 14.f4 exf4 15.gxf4 cxd5
16.cxd5 Bd7 17.Rae1 Ng4 18.Qg3 f6 19.Nc4 Ra6 20.e5 fxe5 21.h3 b5 22.hxg4 bxc4
23.fxe5 dxe5 24.Rxe5 Qd6 25.Rxf8+ Kxf8 26.Qe3 Nd3 27.Re4 Qb6 28.Qxb6 Rxb6
29.Rxc4 Nxb2 30.Rf4+ Ke7 31.Re4+ Kd8 32.Bf3 Nd3 33.Re3 Nf4 34.Kf2 g5 35.Kg3 Rh6
36.Ne2 Rh3+ 37.Kf2 Nxe2 38.Bxe2 Rxe3 39.Kxe3 Ke7 40.Kd4 Kd6 41.a3 Ba4 42.Bd3 Bd1
43.Bxh7 Bxg4 44.Be4 Bd1 45.Bf5 Bb3 46.Be6 Ba2 47.Ke4 Bb1+ 48.Kd4 Bg6 49.Bg4 Bf7
50.Bf3  1/2-1/2

[Event "1st Chesspangenberg Open"]
[Site "Buenos Aires ARG"]
[Date "2003.11.08"]
[Round "5"]
[White "Calderon Fernandez,G"]
[Black "Dorin,M"]
[Result "1-0"]
[WhiteElo "2250"]
[BlackElo "2395"]

1.Nf3 Nf6 2.c4 e6 3.d4 Bb4+ 4.Bd2 c5 5.Bxb4 cxb4 6.Nbd2 O-O 7.e4 d6 8.Qb3 a5
9.Bd3 Nc6 10.Qc2 e5 11.d5 Ne7 12.c5 Ng6 13.cxd6 Bg4 14.Qc7 Ne8 15.Qxd8 Rxd8
16.Nc4 Bxf3 17.gxf3 a4 18.Rc1 Nf4 19.Kd2 f5 20.Nxe5 Nxd6 21.Rc7 Nxd3 22.Kxd3 fxe4+
23.fxe4 Rxf2 24.Rg1 g6 25.h4 Rh2 26.Rg4 Rh3+ 27.Kd2 Rf8 28.Nxg6 Rh2+ 29.Ke3 Rh3+
30.Kd4 Nb5+ 31.Kc5 Nxc7 32.Nf4+ Kf7 33.Nxh3 Na6+ 34.Kd4 Rc8 35.e5 b5 36.e6+ Kf6
37.Rf4+ Kg6 38.e7 Nc7 39.d6 Ne6+ 40.Kd5 Nc5 41.Rf8  1-0

[Event "TCh-CZE Extraliga 2003-4"]
[Site "Czech Rep CZE"]
[Date "2003.11.08"]
[Round "1"]
[White "Jaworski,Mi"]
[Black "Bernasek,J"]
[Result "1/2-1/2"]
[WhiteElo "2368"]
[BlackElo "2365"]

1.d4 Nf6 2.c4 e6 3.Nf3 Bb4+ 4.Bd2 Qe7 5.g3 Nc6 6.Nc3 Bxc3 7.Bxc3 Ne4 8.Rc1 d6
9.Bg2 O-O 10.O-O Nxc3 11.Rxc3 e5 12.d5 Nb8 13.e4 Bg4 14.Qc2 f5 15.exf5 Bxf5
16.Qd2 Nd7 17.Nh4 Bg4 18.Re3 Rae8 19.h3 Bh5 20.Be4 Nf6 21.Bc2 Bf7 22.Ba4 Rb8
23.Nf5 Qd8 24.f4 exf4 25.Rxf4 Kh8 26.Qd4 Bg6 27.g4 Bxf5 28.Rxf5 Ng8 29.Bc2 Rxf5
30.Bxf5 a6 31.Re6 Qh4 32.Kg2 Rf8 33.Qe3 b6 34.b4 Qd8 35.Bd3 Qh4 36.g5 Qh5
37.Kg3 Qd1 38.Re4 Qa1 39.Rh4 h6 40.gxh6 g5 41.Qd4+ Qxd4 42.Rxd4 Nxh6 43.Re4 Kg7
44.Re7+ Rf7 45.Re8 Rf8 46.Re7+ Rf7 47.Re8  1/2-1/2

[Event "15th Open"]
[Site "Leuven BEL"]
[Date "2003.11.08"]
[Round "3"]
[White "Lacrosse,M"]
[Black "Antonio,R"]
[Result "0-1"]
[WhiteElo "2255"]
[BlackElo "2521"]

1.d4 Nf6 2.c4 e6 3.Nf3 Bb4+ 4.Bd2 Qe7 5.g3 Nc6 6.Nc3 O-O 7.Bg2 Bxc3 8.Bxc3 d6
9.O-O e5 10.d5 Nb8 11.c5 Ne4 12.cxd6 cxd6 13.Rc1 Na6 14.Qc2 Nxc3 15.Qxc3 Bd7
16.b4 Rfc8 17.Qd2 h6 18.a3 Qd8 19.e4 Qb6 20.Rxc8+ Rxc8 21.Rc1 Rxc1+ 22.Qxc1 Nc7
23.Bf1 Ne8 24.Qc3 Nf6 25.Bd3 Kf8 26.Kg2 Ke7 27.Qc2 a5 28.Qc3 Ng4 29.Qd2 axb4
30.axb4 Bb5 31.Bxb5 Qxb5 32.Nh4 Kd7 33.f3 Nf6 34.Nf5 Ne8 35.h4 Qc4 36.Kf2 Qb3
37.Kg2 Qb1 38.h5 Qb3 39.Kf2 Qc4 40.Kg2 Kc7 41.Ne3 Qb3 42.Nf5 Kd7 43.Kf2 Kd8
44.Kg2 Kd7 45.Kf2 Qc4 46.Ne3 Qc7 47.Nf5 Qb6+ 48.Kg2 Qb5 49.Kf2 Qa4 50.Kg2 Qa1
51.Qf2 Qa6 52.Qd2 Qc4 53.Ne3 Qb3 54.Nf5 Qb1 55.Nxg7 Nxg7 56.Qxh6 Qc2+ 57.Kh3 Ne8
58.Qf8 Qc1 59.Kg4  0-1

[Event "ch-UKR w"]
[Site "Nikolaev UKR"]
[Date "2003.11.09"]
[Round "6"]
[White "Mutchnik,L"]
[Black "Goreskul,A"]
[Result "1/2-1/2"]
[WhiteElo "2145"]
[BlackElo "2274"]

1.d4 Nf6 2.c4 e6 3.Nf3 Bb4+ 4.Bd2 Qe7 5.c5 Bxd2+ 6.Nbxd2 d6 7.cxd6 cxd6 8.Rc1 Nc6
9.e3 O-O 10.Bb5 Bd7 11.O-O Rac8 12.a3  1/2-1/2

[Event "TCh-AUT B Mitte 2003-4"]
[Site "St Veit AUT"]
[Date "2003.11.09"]
[Round "2"]
[White "Lautner,J"]
[Black "Pfaffel,T"]
[Result "1-0"]
[WhiteElo "2197"]
[BlackElo "2126"]

1.d4 Nf6 2.c4 e6 3.Nf3 Bb4+ 4.Bd2 Bxd2+ 5.Qxd2 d6 6.Nc3 Qe7 7.e4 a6 8.Bd3 e5
9.h3 Nc6 10.Bc2 Nxd4 11.Nxd4 exd4 12.Qxd4 O-O 13.O-O Bd7 14.f4 Bc6 15.b4 b6
16.Rad1 Rae8 17.Rfe1 Nh5 18.b5 axb5 19.cxb5 Bb7 20.e5 Qh4 21.Rf1 dxe5 22.fxe5 Qg5
23.Rf2 Rxe5 24.Bb3 Nf6 25.Rd3 Re1+ 26.Kh2 h5 27.Ne2 Qc5 28.Qxc5 bxc5 29.Nc3 Rfe8
30.Rg3 Kf8 31.Rg5 Rc1 32.Rxc5 Ree1 33.Rxc7 h4 34.Rxf7+ Ke8 35.Re2+ Rxe2 36.Nxe2 Re1
37.Nd4 Be4 38.Rxg7 Rf1 39.Ne6 Rf2 40.b6 Rxg2+ 41.Rxg2  1-0

[Event "15th Open"]
[Site "Leuven BEL"]
[Date "2003.11.10"]
[Round "7"]
[White "Van Espen,E"]
[Black "Barbosa,O PHI"]
[Result "0-1"]
[WhiteElo "2154"]
[BlackElo "2293"]

1.d4 Nf6 2.Nf3 e6 3.c4 Bb4+ 4.Bd2 Qe7 5.a3 Bxd2+ 6.Qxd2 O-O 7.Nc3 d6 8.e3 e5
9.dxe5 dxe5 10.Qc2 Re8 11.Be2 c6 12.O-O e4 13.Nd4 Qe5 14.b4 Nbd7 15.c5 Nf8
16.Rfd1 h5 17.Rd2 N8h7 18.Nd1 Qg5 19.f4 exf3 20.Nxf3 Qh6 21.Rd4 Ng5 22.Ra2 Be6
23.Rb2 Bd5 24.Qc3 Bxf3 25.Bxf3 Nxf3+ 26.gxf3 Nd5 27.Qe1 Qf6 28.Qg3 Rxe3  0-1

[Event "7th BayEM"]
[Site "Bad Wiessee GER"]
[Date "2003.11.12"]
[Round "5"]
[White "Jaeschke,B"]
[Black "Cladouras,P"]
[Result "1/2-1/2"]
[WhiteElo "2213"]
[BlackElo "2343"]

1.d4 Nf6 2.c4 e6 3.Nf3 Bb4+ 4.Bd2 a5 5.e3 O-O 6.a3 Bxd2+ 7.Nbxd2 d5 8.Bd3 Nbd7
9.Qc2 Re8 10.O-O h6 11.cxd5 Nxd5 12.Nc4 b6 13.Nce5 Nxe5 14.Nxe5 Ba6 15.Bxa6 Rxa6
16.Rac1 f6 17.Nc6 Qd7 18.Qc4 Raa8 19.Rc2 Qf7 20.Rfc1 Ne7 21.Nxe7+ Rxe7 22.Qc6 Rd8
23.Qb7 Rdd7 24.g3 h5 25.h4 Kh7 26.Kg2  1/2-1/2

[Event "ch-UKR w"]
[Site "Nikolaev UKR"]
[Date "2003.11.12"]
[Round "9"]
[White "Alexandrova,O"]
[Black "Goreskul,A"]
[Result "1-0"]
[WhiteElo "2448"]
[BlackElo "2274"]

1.d4 Nf6 2.c4 e6 3.Nf3 Bb4+ 4.Bd2 Qe7 5.g3 b6 6.Bg2 Bb7 7.O-O O-O 8.Nc3 d6
9.Qc2 Bxc3 10.Bxc3 Be4 11.Qd2 Nbd7 12.Rfd1 Rfd8 13.Qf4 Bb7 14.d5 e5 15.Qc1 a5
16.Qc2 Nc5 17.Ne1 Bc8 18.e4 Nfd7 19.b3 Nf8 20.a3 Bd7 21.Nd3 Nxd3 22.Qxd3 Ra7
23.Ra2 Be8 24.Rda1 Rda8 25.Qd2 Nd7 26.b4 axb4 27.axb4 Rxa2 28.Rxa2 Qd8 29.Qb2 Qb8
30.Bf1 Ra7 31.Qa1 Rxa2 32.Qxa2 Qb7 33.Bd3 Kf8 34.Bd2 Kg8 35.Be3 h6 36.Kg2 Kh7
37.Qa1 f6 38.f3 Kg8 39.Kf2 Kf8 40.Bf1 Ke7 41.Qa3 c5 42.b5 Nb8 43.h4 Kd8 44.Bd2 Bg6
45.Bh3 Be8 46.Bg2 Bf7 47.f4 Be8 48.Bf3 Nd7 49.Bg4 Nb8 50.Be6 Bd7 51.f5 Bxe6
52.fxe6 Qe7 53.h5 Kc8 54.Qa8 Qd8 55.Qa7 Qc7 56.Qxc7+ Kxc7 57.Kf3  1-0

[Event "TCh-FIN 2003-4"]
[Site "Finland FIN"]
[Date "2003.11.15"]
[Round "4"]
[White "Tuominen,R"]
[Black "Nyysti,S"]
[Result "1/2-1/2"]
[WhiteElo "2229"]
[BlackElo "2399"]

1.d4 Nf6 2.c4 e6 3.Nf3 Bb4+ 4.Bd2 a5 5.g3 b6 6.Bg2 Bb7 7.O-O O-O 8.Bg5 Na6
9.c5 h6 10.Bc1 a4 11.a3 Ba5 12.Qxa4 Bc6 13.Qd1 bxc5 14.dxc5 Nxc5 15.Qc2 d6
16.Nd4 Bxg2 17.Kxg2 Qb8 18.f3 Qb7 19.Nd2 e5 20.Nf5 Bxd2 21.Bxd2 Nb3 22.Rad1 Rfe8
23.Bc3 g6 24.Ne3 Nd4 25.Qd3 c5 26.Kg1 Kg7 27.Ng2 Qc6  1/2-1/2

[Event "1st GM"]
[Site "Nagykanizsa HUN"]
[Date "2003.11.15"]
[Round "11"]
[White "Gyimesi,Z"]
[Black "Varga,Zo"]
[Result "1/2-1/2"]
[WhiteElo "2537"]
[BlackElo "2558"]

1.d4 e6 2.c4 Nf6 3.Nf3 Bb4+ 4.Bd2 Qe7 5.g3 Nc6 6.Bg2 O-O 7.O-O Bxd2 8.Nbxd2 d6
9.e4 e5 10.d5 Nb8 11.Qc2 Nbd7 12.b4 a5 13.a3 b6 14.Nb3 axb4 15.axb4 Bb7  1/2-1/2

[Event "TCh-ESP Final"]
[Site "Sanxenxo ESP"]
[Date "2003.11.17"]
[Round "1"]
[White "Gomez Lopez,Rob"]
[Black "Visier Segovia,F"]
[Result "0-1"]
[WhiteElo "2094"]
[BlackElo "2265"]

1.d4 Nf6 2.c4 e6 3.Nf3 Bb4+ 4.Bd2 a5 5.a3 Bxd2+ 6.Nbxd2 d5 7.e3 O-O 8.Bd3 b6
9.Rc1 Bb7 10.Qc2 Na6 11.cxd5 exd5 12.Ne5 c5 13.O-O c4 14.Bf5 Qd6 15.Qa4 Nc7
16.Bb1 b5 17.Qc2 Rfc8 18.Ndf3 Ne6 19.Nh4 g6 20.f4 Nf8 21.f5 g5 22.Nhf3 Ne4
23.f6 c3 24.Qe2 cxb2 25.Rxc8 Rxc8 26.Bxe4 dxe4 27.Nxg5 Rc1 28.Ngxf7 Qxf6
29.Qg4+ Ng6 30.Nh6+ Kh8  0-1

[Event "13th WSen Women"]
[Site "Bad Zwischenahn GER"]
[Date "2003.11.19"]
[Round "3"]
[White "Beliaeva,N"]
[Black "Saunina,L"]
[Result "0-1"]
[WhiteElo "2113"]
[BlackElo "2310"]

1.d4 Nf6 2.c4 e6 3.Nf3 Bb4+ 4.Bd2 Qe7 5.Qc2 Bxd2+ 6.Nbxd2 d6 7.e3 e5 8.Bd3 Bg4
9.dxe5 dxe5 10.h3 Bd7 11.O-O a5 12.Ne4 h6 13.Nxf6+ Qxf6 14.Rfd1 Bc6 15.Be4 O-O
16.Rd2 Re8 17.Rad1 Na6 18.Bxc6 Qxc6 19.Qf5 Qxc4 20.Nxe5 Qe6 21.Qxe6 Rxe6
22.Rd8+ Re8 23.Rxa8 Rxa8 24.Rd7 Rf8 25.f4 g6 26.g4 b6 27.Kf2 g5 28.h4 f6
29.Ng6 Rf7 30.Rd8+ Kg7 31.f5 Nc5 32.Kf3 a4 33.hxg5 hxg5 34.e4 Rd7 35.Rxd7+ Nxd7
36.Ne7 Ne5+ 37.Kg3 c6 38.Nc8 b5 39.Nd6 Kf8 40.Nb7 Ke7 41.Nc5 Kd6 42.Nb7+ Kc7
43.Nc5 Kd6 44.Ne6 c5 45.Nf8 Kc6 46.Ng6 Kd6 47.Nf8 b4 48.Ne6 Nd3 49.b3 a3
50.Kf3 Nc1 51.e5+ Kxe5 52.Nxc5 Nxa2 53.Nd7+ Kd6 54.Nxf6 Nc3  0-1

[Event "IM"]
[Site "Varazdin CRO"]
[Date "2003.11.21"]
[Round "1"]
[White "Novak,R"]
[Black "Orak,L"]
[Result "1/2-1/2"]
[WhiteElo "2140"]
[BlackElo "2285"]

1.d4 Nf6 2.c4 e6 3.Nf3 Bb4+ 4.Bd2 Qe7 5.Nc3 b6 6.g3 Ba6 7.b3 O-O 8.Bg2 d5
9.Ne5 c6 10.O-O Bb7 11.Qc2 Nbd7 12.Bg5 Rfd8 13.a3 Bd6 14.Nxd7 Rxd7 15.e4 dxe4
16.Nxe4 Qd8 17.Nxf6+ gxf6 18.Be3  1/2-1/2

[Event "VIII Mirko Srajber Mem"]
[Site "Subotica SCG"]
[Date "2003.11.28"]
[Round "1"]
[White "Markus,R"]
[Black "Ilincic,Z"]
[Result "1-0"]
[WhiteElo "2522"]
[BlackElo "2564"]

1.d4 Nf6 2.c4 e6 3.Nf3 Bb4+ 4.Bd2 c5 5.Bxb4 cxb4 6.g3 O-O 7.Bg2 d6 8.O-O Bd7
9.Nbd2 Nc6 10.Qb3 Qb6 11.e3 a5 12.Rac1 a4 13.Qd3 Qa6 14.Rfd1 Rfc8 15.Bf1 Qa5
16.Ne4 Nxe4 17.Qxe4 Qf5 18.Qxf5 exf5 19.c5 d5 20.Ne1 Na5 21.Nd3 b3 22.axb3 Nxb3
23.Rc3 Bc6 24.Nb4 Ra5 25.Bd3 g6 26.h3 h5 27.Bc2 Rb5 28.Nxc6 bxc6 29.Bxb3 axb3
30.Ra1 h4 31.gxh4 f4 32.Ra3 fxe3 33.fxe3 Rcb8 34.Ra6 Rc8 35.Rb6 Ra5 36.Rcxb3 Raa8
37.Ra3 Rxa3 38.bxa3 Ra8 39.Rxc6 Rxa3 40.Rc8+ Kg7 41.Re8 f6 42.Kf2 Kf7 43.Rd8 Ke6
44.Rd6+ Kf5 45.Kf3  1-0

[Event "TCh-AUT 2003-4"]
[Site "Graz AUT"]
[Date "2003.11.30"]
[Round "3"]
[White "Babula,V"]
[Black "Lehner,O"]
[Result "1/2-1/2"]
[WhiteElo "2567"]
[BlackElo "2394"]

1.d4 Nf6 2.c4 e6 3.Nf3 Bb4+ 4.Bd2 Qe7 5.g3 Nc6 6.Nc3 O-O 7.Bg2 Bxc3 8.Bxc3 Ne4
9.Rc1 a5 10.O-O d6 11.d5 Nxc3 12.Rxc3 Nb4 13.a3 Na6 14.b3 e5 15.Qb1 Bd7 16.b4 axb4
17.axb4 c5 18.dxc6 bxc6 19.Qb2 Rab8 20.Rb3 Rb6 21.Rb1 Bf5 22.Ra1 Rfb8 23.Nd2 Nxb4
24.Bxc6 Qc7 25.Bg2 h6 26.Ra8 Rxa8 27.Bxa8 Qc5 28.Bg2  1/2-1/2

[Event "Open"]
[Site "Santo Domingo DOM"]
[Date "2003.11.30"]
[Round "5"]
[White "Moiseenko,A"]
[Black "Kiriakov,P"]
[Result "1/2-1/2"]
[WhiteElo "2618"]
[BlackElo "2555"]

1.d4 Nf6 2.c4 e6 3.Nf3 Bb4+ 4.Bd2 Bxd2+ 5.Qxd2 O-O 6.Nc3 d5 7.e3 Qe7 8.Bd3 dxc4
9.Bxc4 c5 10.O-O Rd8 11.Rfd1 Nc6 12.Qe2 cxd4 13.Nxd4 Bd7 14.Nf3 Bc8  1/2-1/2

[Event "Attila Schneder Mem"]
[Site "Budapest HUN"]
[Date "2003.12.02"]
[Round "2"]
[White "Lorincz,I"]
[Black "Jakab,A"]
[Result "1/2-1/2"]
[WhiteElo "2305"]
[BlackElo "2420"]

1.d4 Nf6 2.c4 e6 3.Nf3 Bb4+ 4.Bd2 Qe7 5.a3 Bxd2+ 6.Nbxd2 d6 7.e4 e5 8.d5 O-O
9.g3 a5 10.b4 Bg4 11.Bg2 axb4 12.axb4 Na6 13.Qb1 c5 14.b5 Nb4 15.O-O b6 16.Qb3 Qb7
17.Nh4 Rxa1 18.Rxa1 Ra8 19.Ra4 g6 20.Qa3 Rxa4 21.Qxa4 Kg7  1/2-1/2

[Event "33rd Rilton Cup"]
[Site "Stockholm SWE"]
[Date "2003.12.02"]
[Round "6"]
[White "Brynell,S"]
[Black "Ong,Kez"]
[Result "1-0"]
[WhiteElo "2462"]
[BlackElo "2207"]

1.d4 Nf6 2.c4 e6 3.Nf3 Bb4+ 4.Bd2 Qe7 5.g3 Nc6 6.Nc3 Bxc3 7.Bxc3 Ne4 8.Rc1 Nxc3
9.Rxc3 O-O 10.Bg2 d6 11.d5 Nd8 12.O-O e5 13.Nd2 b6 14.b4 a5 15.a3 axb4 16.axb4 Nb7
17.Qc1 Bg4 18.f3 Bd7 19.Ra3 b5 20.Qa1 Qd8 21.Rc1 Rxa3 22.Qxa3 bxc4 23.Qa7 Qb8
24.Qxb8 Rxb8 25.Rxc4 Rc8 26.f4 f6 27.Rc3 Kf7 28.Ra3 Ke7 29.Ra7 Rb8 30.Be4 h6
31.Bd3 Nd8 32.b5 Rb7 33.Ra5 Rb6 34.Nb3 Nb7 35.Ra6 e4 36.Bc4 Nc5 37.Nxc5 dxc5
38.Kf2 Kd6 39.Ke3 f5 40.Kd2 Bc8 41.Ra8 Bd7 42.Ra5 Bc8 43.Ke3 Rb8 44.g4 fxg4
45.Kxe4 Bb7 46.Kd3 Bxd5 47.Bxd5 Kxd5 48.e4+ Kd6 49.Kc4 c6 50.e5+ Kc7 51.Ra7+ Rb7
52.Rxb7+ Kxb7 53.f5 cxb5+ 54.Kxb5 Kc7 55.Kxc5 h5 56.Kd5 h4 57.Ke4 Kc6 58.Kf4 Kd5
59.e6 g3 60.hxg3 hxg3 61.Kxg3 Kd6 62.Kg4 g6 63.fxg6 Kxe6 64.Kg5 Ke7 65.Kh6 Kf8
66.Kh7  1-0

[Event "33rd Rilton Cup"]
[Site "Stockholm SWE"]
[Date "2003.12.04"]
[Round "8"]
[White "Gagarin,V"]
[Black "Ong,Kez"]
[Result "1-0"]
[WhiteElo "2439"]
[BlackElo "2207"]

1.d4 Nf6 2.c4 e6 3.Nf3 Bb4+ 4.Bd2 Qe7 5.g3 Nc6 6.Nc3 Bxc3 7.Bxc3 Ne4 8.Qc2 Nxc3
9.Qxc3 O-O 10.Bg2 d6 11.d5 Nd8 12.dxe6 Nxe6 13.O-O Bd7 14.Rfe1 Bc6 15.e4 a5
16.Re3 Rfe8 17.Rae1 b6 18.b3 Qf8 19.Nd2 g6 20.Nb1 Nc5 21.Qc2 Re7 22.Nc3 Rae8
23.Qd2 Qg7 24.h3 h6 25.Kh2 Kh7 26.f4 h5 27.h4 Ba8 28.R1e2 Kg8 29.Qe1 Kf8
30.e5 Bxg2 31.Kxg2 c6 32.exd6 Rxe3 33.Rxe3 Rxe3 34.Qxe3 Qf6 35.Qe5 Qxe5 36.fxe5 Nd3
37.Kf3 Nxe5+ 38.Ke4 f6 39.Na4 Nd7 40.Kd4 Kf7 41.c5 b5 42.Nc3 Ke6 43.a4 b4
44.Nd1 g5 45.Ne3 Ne5 46.Nc4 gxh4 47.gxh4 Nf3+ 48.Ke4 Nxh4 49.Nxa5 f5+ 50.Ke3 Ng2+
51.Kf3 Ne1+ 52.Ke2 Nc2 53.Nxc6 h4 54.Kf2 f4 55.Ne5 h3 56.d7 h2 57.Kg2 Ke7
58.c6 Ne3+ 59.Kxh2 Nd5 60.Nf7  1-0

[Event "Attila Schneder Mem"]
[Site "Budapest HUN"]
[Date "2003.12.06"]
[Round "6"]
[White "Banusz,T"]
[Black "Jakab,A"]
[Result "1/2-1/2"]
[WhiteElo "2361"]
[BlackElo "2420"]

1.d4 e6 2.Nf3 Nf6 3.c4 Bb4+ 4.Bd2 Qe7 5.g3 Bxd2+ 6.Nbxd2 d6 7.Bg2 O-O 8.O-O e5
9.e4 a5 10.d5 Na6 11.Qc2 Bg4 12.a3 c6  1/2-1/2

[Event "TCh-CZE Extraliga 2003-4"]
[Site "Czech Rep CZE"]
[Date "2003.12.07"]
[Round "4"]
[White "Voloshin,L"]
[Black "Kulhanek,T"]
[Result "1-0"]
[WhiteElo "2503"]
[BlackElo "2362"]

1.d4 Nf6 2.c4 e6 3.Nf3 Bb4+ 4.Bd2 a5 5.g3 d6 6.Bg2 Nbd7 7.O-O e5 8.Nc3 exd4
9.Nxd4 O-O 10.Nd5 Bxd2 11.Qxd2 c6 12.Nc3 a4 13.Nf5 Ne5 14.Nxd6 Qb6 15.Nxc8 Rfxc8
16.Qc2 Qb4 17.b3 axb3 18.axb3 Rxa1 19.Rxa1 g6 20.Na4 Rd8 21.Qc3 Qd6 22.c5 Qe6
23.Nb6 h5 24.h3 Kh7 25.b4 h4 26.Qe3 Nd5 27.Nxd5 cxd5 28.Qg5 f6 29.Qxh4+ Kg7
30.Qd4 Nc6 31.Qb2 Rd7 32.Rd1 Ne7 33.e3 Nf5 34.Qb3 Qe5 35.Rxd5 Qa1+ 36.Kh2 Rc7
37.Qd1 Qb2 38.Qd2  1-0

[Event "22nd SEA Games Standard w"]
[Site "Ho Chi Minh City VIE"]
[Date "2003.12.13"]
[Round "9"]
[White "Rasaki,N"]
[Black "Siti,Z"]
[Result "1/2-1/2"]
[WhiteElo "2140"]
[BlackElo "2134"]

1.d4 Nf6 2.Nf3 e6 3.c4 Bb4+ 4.Bd2 Qe7 5.Qc2 b6 6.g3 Bb7 7.Bg2 Bxd2+ 8.Nbxd2 d6
9.O-O O-O 10.e4 e5 11.d5 Nbd7 12.Nh4 g6 13.b4 c6 14.Rfc1 Rfc8 15.Qb2 Nf8
16.a4  1/2-1/2